KOHA-Header-6

Negotiable Instruments Act (XXVI of 1881) (Record no. 11463)

000 -LEADER
fixed length control field 00284nam a2200109Ia 4500
100 ## - MAIN ENTRY--AUTHOR NAME
Personal name Khargamwala F.
245 #0 - TITLE STATEMENT
Title Negotiable Instruments Act (XXVI of 1881)
260 ## - PUBLICATION, DISTRIBUTION, ETC. (IMPRINT)
Place of publication Dhaka
Name of publisher Tata McGraw Hill
Year of publication 1999
300 ## - PHYSICAL DESCRIPTION
Number of Pages 378
942 ## - ADDED ENTRY ELEMENTS (KOHA)
Koha item type Books

No items available.

Powered by Koha